Statistics for U.S. General Knowledge #62

Click here to take the quiz!

General Stats

  • This quiz has been taken 7,090 times
  • The average score is 13 of 20

Answer Stats

QuestionAnswer% Correct
Which American state is known as "The Last Frontier"?Alaska
90%
What was the tallest dam in the world when it opened in 1936?Hoover Dam
86%
What was abolished by the 13th amendment to the U.S. Constitution?Slavery
84%
What did the United States purchase for $15 million in 1803?Louisiana Territory
79%
On what TV show would you see a van called the Mystery Machine?Scooby Doo
79%
What city is famously 5,280 feet above sea level?Denver
78%
Which Clue character is represented by a yellow piece?Colonel Mustard
74%
What word comes before Sumter, Ticonderoga, and Bragg?Fort
74%
What type of building was Abraham Lincoln born in?A log cabin
73%
What iconic American species saw its population reduced from 60 million to
less than 1,000 during the 19th century?
American Bison
70%
What cult leader was inspired by the Beatles' song "Helter Skelter"?Charles Manson
66%
Who created the Muppets?Jim Henson
63%
What 19th century religious text gives its name to a Tony award-winning
musical from 2011?
The Book of
Mormon
60%
Custer had 2, Grant had 4, and Eisenhower had 5. What are we talking about?
Stars on their
Uniform
56%
What model of vehicle was O. J. Simpson riding in during his famous low-speed
police chase in 1994?
Ford Bronco
56%
Who has the phone number 867-5309?Jenny
46%
What did George Steinbrenner own from 1973–2010?New York Yankees
44%
Who spent over $600 million of his own money on a failed Presidential bid in 2020?
Michael Bloomberg
38%
What was the first company to sell inline roller skates on the mass market?Rollerblade
29%
Which city near the Mexican border hosts the world's largest gem and mineral show?
Tucson
22%

Score Distribution

Percentile by Number Answered

Percent of People with Each Score

Your Score History

You have not taken this quiz